[Event "Ankara Ipek Memorial 7th"]
[Site "Ankara"]
[Date "2019.03.10"]
[Round "7"]
[White "Ozen, Halil Ibrahim"]
[Black "Elveren, Cinar"]
[Result "1-0"]
[WhiteElo "1637"]
[BlackElo "1391"]
[PlyCount "107"]
[EventDate "2019.03.06"]
[EventType "swiss"]
[EventRounds "7"]
[EventCountry "TUR"]
[SourceTitle "CBM 189 Extra"]
[Source "ChessBase"]
[SourceDate "2019.06.03"]
[SourceVersion "1"]
[SourceVersionDate "2019.06.03"]
[SourceQuality "1"]

1. e4 d6 2. d4 Nf6 3. Nc3 g6 4. f4 Bg7 5. Nf3 0-0 6. Bd3 Na6 7. 0-0 c5 8. d5 Nc7 9. Qe1 a6 10. Qh4 h5 11. f5 c4 12. Bxc4 gxf5 13. exf5 Bxf5 14. Bg5 Nce8 15. Rae1 Bg6 16. Nd4 Ng4 17. Bxe7 Bxd4+ 18. Kh1 Qb6 19. Ne4 Ng7 20. h3 Rfe8 21. hxg4 Rxe7 22. Qxe7 Re8 23. Nf6+ Bxf6 24. Qxf6 Rxe1 25. Rxe1 Qb4 26. Qc3 Qxc3 27. bxc3 Bxc2 28. gxh5 Nxh5 29. Re7 b5 30. Bb3 Ng3+ 31. Kh2 Bxb3 32. axb3 Nf5 33. Re8+ Kg7 34. g4 Nh6 35. Kg3 Kf6 36. Kf4 Kg6 37. Ra8 f6 38. Rxa6 Nf7 39. Rb6 Ne5 40. Rxd6 Nd3+ 41. Kf3 b4 42. cxb4 Nxb4 43. Ke4 Nc2 44. Rc6 Nb4 45. Rc4 Na6 46. d6 Nb8 47. Rc8 Nd7 48. Rc7 Nf8 49. d7 Ne6 50. Rc8 Ng5+ 51. Ke3 f5 52. Rg8+ Kf7 53. Rxg5 f4+ 54. Kxf4 1-0